banner-ar

الامبراطورية العثمانية و تركيا الحديثة : (Record no. 61841)

MARC details
000 -الفاتح
حقل البيانات ثابتة الطول 00885nam a22001937a 4500
005 - وقت وتاريخ اخر تعامل مع التسجيلة
رقم الضبط 20240530110519.0
008 - عناصر البيانات ثابتة الطول - معلومات عامة
حقل البيانات ثابتة الطول 160210s2011 ua ab g 000 0 ara d
017 ## - رقم الايداع القانونى
رقم الايداع القانونى 2011/15601
المصدر ( الهيئة المختصة) مصر . دار الكتب المصرية
040 ## - مصدر الفهرسة
وكالة الفهرسة الأصلية EG-CaGPL
082 04 - رقم تصنيف ديوى العشرى
رقم الطبعة 21
رقم التصنيف 956.015\
رقم المادة م إ
100 0# - المدخل الرئيسى - إسم شخصى
الإسم الشخصى محمد احمد العطار .
245 12 - بيان العنوان
العنوان الامبراطورية العثمانية و تركيا الحديثة :
بقية العنوان التاريخ مرآة الامم يعكس ماضيها و يترجم حاضرها و نستلهم منه مستقبلها /
بيان المسئوليه,etc محمد احمد العطار .
300 ## - الوصف المادى
التعداد 158 ص ؛
أبعاد الوعاء 20 سم .
651 04 - المدخل الاضافى بالموضوع - اسم جغرافى
الاسم الجغرافي الامبراطورية العثمانية .
651 04 - المدخل الاضافى بالموضوع - اسم جغرافى
الاسم الجغرافي الامبراطورية العثمانية
التقسيم الفرعي الشكلي صور .
651 04 - المدخل الاضافى بالموضوع - اسم جغرافى
الاسم الجغرافي تركيا
التقسيم الفرعي العام تاريخ
التقسيم الفرعي الزمني العصر الحديث .
942 ## - عناصر المدخل الإضافي( كوها)
مصدر التصنيف او مخطط الترفيف Dewey Decimal Classification
Koha [default] item type كتاب
Holdings
حالة التراجع حالة الفقد حالة تلف ليس للاعارة المكان المؤقت الموقع الحالى تاريخ الاكتساب اجمالي اﻻعارات رقم الطلب الباركود تاريخ اخر مشاهدة تاريخ تفعيل السعر نوع وعاء كوها
        مكتبة القاهرة الكبرى مكتبة القاهرة الكبرى 02/10/2016   956.015\ م إ 161271 02/10/2016 02/10/2016 كتاب

Powered By

EGPV